Odpadní vody v textilním průmyslu

Saved in:
Bibliographic Details
Main Author: Bartušek, Pavel
Format: Book
Language:Czech
Published: Praha Státní nakladatelství technické literatury 1985
Series:Ochrana životního prostředí
Tags: Add Tag
No Tags, Be the first to tag this record!

MARC

LEADER 00000nam a2200000 4500
001 c110752
005 20041019155147.7
041 0 |a cze 
044 |a CZ 
245 1 0 |a Odpadní vody v textilním průmyslu  |c Pavel Bartušek a kol. 
264 1 |a Praha  |b Státní nakladatelství technické literatury  |c 1985 
300 |a 260 s. 
490 1 |a Ochrana životního prostředí 
830 0 |a Ochrana životního prostředí 
100 1 |a Bartušek, Pavel